000
00328nam a22001097a 4500
040
_c
SK
082
_a
333
100
_a
វុន វ៉ារី
245
_a
Resource management and conservation; ការគ្រប់គ្រង និងអភិរក្សធនធាន
260
_a
RUA
_b
វុន
_c
2011
942
_c
KB
999
_c
8823
_d
8823